000 00972nam a2200277 a 4500
001 BRL_1683
005 20190320211325.0
008 280414s2008----mx-abo####---#000-0#spa-#
020 _a9788486279561
041 _aspa
044 _amx
050 4 _aF1256
_b.Z37 2008
100 1 _aZarebska, Carla
_927626
245 1 0 _aDestino Chiapas
_cCarla Zarebska edición, investigación y textos.
260 _aChiapas, Chis.
_bChiapas Gobierno del Estado : Zare Books
_c2008
300 _a445 p.
_bil., mapas, fotografías (a color)
_c34 cm.
500 _aDonado por la autora al Museo Ruth Lechuga, Mayo 2011
500 _aEjemplar integrado de manera póstuma a la colección Ruth D. Lechuga
500 _aAu2251
504 _aBibliografía : p. 433-440
651 4 _aChiapas (México)
_xDescripción y viajes
_94604
651 4 _aChiapas (México)
_xVida social y costumbres
_9417
651 4 _aChiapas (México)
_xHistoria
_927627
902 _aGRL
942 _2lcc
_cB
999 _c10492
_d10492